000 00565nam a22001937a 4500
001 sjds170056
003 sjds
005 20170607163319.0
008 170607b nyu||||| |||| 00| 0 spa d
020 _a078073003501(pbk.)
020 _a0439219906 (pbk.)
040 _csjds
041 _aspa
_heng
100 _aO'Connell, Jenifer Barrett
245 _aDiez fantasmitas tímidas la noche de Navidad
_cpor Jennifer O'Connell.
260 _aNew York :
_b Scholastic,
_cc2002.
300 _a1 volume (unpaged) :
_bcolor illustrations ;
_c21 cm.
942 _cBK
_2ddc
999 _c17394
_d17394